Top 50 Home Run Hitters in MLB History - Statistics

General Stats
  • This quiz has been taken 33 times
  • The average score is 30 of 50
Answer Stats
Hint Answer % Correct
Cardinals (1B) Albert Pujols (703)
96%
Yankees (3B) Alex Rodriguez (696)
96%
Yankees (RF) Babe Ruth (714)
96%
Giants (LF) Barry Bonds (762)
96%
Braves (RF) Hank Aaron (755)
96%
Giants (CF) Willie Mays (660)
89%
White Sox (1B) Frank Thomas (521)
85%
Cubs (RF) Sammy Sosa (609)
85%
Red Sox (DH) David Ortiz (541)
81%
Athletics (1B) Mark McGwire (583)
81%
Red Sox (LF) Ted Williams (521)
81%
Cubs (SS) Ernie Banks (512)
78%
Guardians (1B) Jim Thome (612)
78%
Twins (1B) Harmon Killebrew (573)
74%
Mariners (CF) Ken Griffey Jr (630)
74%
Yankees (1B) Lou Gehrig (493)
74%
Red Sox (LF) Manny Ramirez (555)
74%
Yankees (CF) Mickey Mantle (536)
74%
Tigers (1B) Miguel Cabrera (511)
74%
Phillies (3B) Mike Schmidt (548)
74%
Athletics (RF) Reggie Jackson (563)
74%
Reds (RF) Frank Robinson (586)
70%
Braves (CF) Andruw Jones (434)
67%
Braves (3B) Chipper Jones (468)
67%
Cardinals (LF) Stan Musial (475)
63%
Giants (RF) Mel Ott (511)
56%
Rangers (1B) Rafael Palmeiro (569)
56%
Giants (1B) Willie McCovey (521)
56%
Pirates (1B) Willie Stargell (475)
56%
Braves (3B) Eddie Mathews (512)
52%
Yankees (DH) Giancarlo Stanton (453)
52%
Astros (1B) Jeff Bagwell (449)
52%
Orioles (1B) Eddie Murray (504)
48%
Yankees (1B) Jason Giambi (440)
48%
Athletics (RF) Jose Canseco (462)
48%
Rangers (3B) Adrian Beltre (477)
44%
Athletics (1B) Jimmie Foxx (534)
44%
Braves (1B) Fred McGriff (493)
41%
Marlins (RF) Gary Sheffield (509)
41%
Blue Jays (1B) Carlos Delgado (473)
37%
White Sox (1B) Paul Konerko (439)
37%
Reds (1B) Adam Dunn (462)
33%
Nationals (RF) Vladimir Guerrero (449)
33%
Nationals (CF) Andre Dawson (438)
30%
Yankees (RF) Dave Winfield (465)
30%
Mets (CF) Carlos Beltran (435)
26%
Mets (LF) Dave Kingman (442)
26%
Rangers (1B) Nelson Cruz (464)
22%
Red Sox (LF) Carl Yastrzemski (452)
11%
Rangers (RF) Juan Gonzales (434)
4%
No matching quizzes found
Score Distribution
Percent of People with Each Score
Percentile by Number Answered
Your Score History
You have not taken this quiz